Normal view
MARC view
- المديني، علي بن عبد الله بن جعفر السعدي؛ تحقيق محمد مصطفى الاعظمي
Entry Personal Name
001 - CONTROL NUMBER
- control field: 36559
003 - CONTROL NUMBER IDENTIFIER
- control field: JO-AjAnu
005 - DATE AND TIME OF LATEST TRANSACTION
- control field: 20230606080113.0
008 - FIXED-LENGTH DATA ELEMENTS
- fixed length control field: 230606|| aca||aabn | a|a d
040 ## - CATALOGING SOURCE
- Original cataloging agency: JO-AjAnu
- Transcribing agency: JO-AjAnu
100 ## - HEADING--PERSONAL NAME
- Personal name: المديني، علي بن عبد الله بن جعفر السعدي؛ تحقيق محمد مصطفى الاعظمي
670 ## - SOURCE DATA FOUND
- Source citation: Work cat.: (JO-AjAnu)18768: المديني، علي بن عبد الله بن جعفر السعدي؛ تحقيق محمد مصطفى الاعظمي, author, العلل